Fifty years of electron diffraction : (Record no. 16161)
[ view plain ]
| 000 -LEADER | |
|---|---|
| fixed length control field | 01168pam a2200265 i 4500 |
| 001 - CONTROL NUMBER | |
| control field | 1841839 |
| 003 - CONTROL NUMBER IDENTIFIER | |
| control field | EG-ScBUE |
| 005 - DATE AND TIME OF LATEST TRANSACTION | |
| control field | 20250527100551.0 |
| 008 - FIXED-LENGTH DATA ELEMENTS--GENERAL INFORMATION | |
| fixed length control field | 810305t1981 ne a f b 001 0 eng d |
| 020 ## - INTERNATIONAL STANDARD BOOK NUMBER | |
| International Standard Book Number | 9027712468 |
| 040 ## - CATALOGING SOURCE | |
| Original cataloging agency | EG-ScBUE |
| Language of cataloging | eng |
| Description conventions | rda |
| Transcribing agency | EG-ScBUE |
| Modifying agency | EG-ScBUE |
| 082 04 - DEWEY DECIMAL CLASSIFICATION NUMBER | |
| Classification number | 530.41 |
| Edition number | 22 |
| Item number | FIF |
| 245 00 - TITLE STATEMENT | |
| Title | Fifty years of electron diffraction : |
| Remainder of title | in recognition of fifty years of achievement by the crystallographers and gas diffractionists in the field of electron diffraction / |
| Statement of responsibility, etc | general editor P. Goodman ; regional and special subject editors M. J. Whelan, United Kingdom [and five others] |
| 264 #1 - PUBLICATION, DISTRIBUTION, ETC. (IMPRINT) | |
| Place of publication, distribution, etc | Dordrecht, Holland : |
| Name of publisher, distributor, etc | Published for the International Union of Crystallography by D. Reidel Publishing Company, |
| Date of publication, distribution, etc | [1981] |
| 264 #4 - PUBLICATION, DISTRIBUTION, ETC. (IMPRINT) | |
| Date of publication, distribution, etc | c1981 |
| 300 ## - PHYSICAL DESCRIPTION | |
| Extent | xiv, 440 pages : |
| Other physical details | illustrations ; |
| Dimensions | 25 cm |
| 336 ## - CONTENT TYPE | |
| Source | rdacontent |
| Content type term | text |
| Content type code | txt |
| 337 ## - MEDIA TYPE | |
| Media type term | unmediated |
| Source | rdamedia |
| Media type code | n |
| 338 ## - CARRIER TYPE | |
| Carrier type term | volume |
| Carrier type code | nc |
| Source | rdacarrier |
| 504 ## - BIBLIOGRAPHY, ETC. NOTE | |
| Bibliography, etc | Includes bibliographical references and index.<br/> |
| 650 #7 - SUBJECT ADDED ENTRY--TOPICAL TERM | |
| Topical term or geographic name as entry element | Electrons |
| General subdivision | Diffraction |
| -- | History. |
| 9 (RLIN) | 27608 |
| Source of heading or term | BUEsh |
| 655 ## - INDEX TERM--GENRE/FORM | |
| Form subdivision | Reading book |
| 700 1# - ADDED ENTRY--PERSONAL NAME | |
| Personal name | Goodman, P. |
| Fuller form of name | (Peter), |
| Dates associated with a name | 1928- |
| 9 (RLIN) | 27609 |
| Relator term | editor. |
| 942 ## - ADDED ENTRY ELEMENTS (KOHA) | |
| Source of classification or shelving scheme | Dewey Decimal Classification |
| Koha item type | Book - Borrowing |
| Withdrawn status | Lost status | Source of classification or shelving scheme | Damaged status | Not for loan | Collection code | Home library | Current library | Shelving location | Date acquired | Source of acquisition | Total Checkouts | Full call number | Barcode | Date last seen | Price effective from | Koha item type |
|---|---|---|---|---|---|---|---|---|---|---|---|---|---|---|---|---|
| Dewey Decimal Classification | سور الازبكية | Central Library | Central Library | First floor | 26/10/2011 | 530.41 FIF | 000025481 | 15/07/2025 | 26/10/2011 | Book - Borrowing |